Most Popular Spanish-language Authors - Statistics

General Stats
  • This quiz has been taken 65 times
  • The average score is 5 of 10
Answer Stats
Notable work Nationality Author % Correct
One Hundred Years of Solitude Colombia Gabriel García Márquez
95%
Don Quixote Spain Miguel de Cervantes
92%
The Aleph and Other Stories Argentina Jorge Luis Borges
66%
The House of the Spirits Chile Isabel Allende
61%
The Shadow of the Wind Spain Carlos Ruiz Zafón
47%
The Green House Peru Mario Vargas Llosa
47%
Captain Alatriste Spain Arturo Pérez-Reverte
31%
The Savage Detectives Chile Roberto Bolaño
27%
A Heart So White Spain Javier Marías
15%
The Old Man Who Read Love Novels Chile Luis Sepúlveda
15%
No matching quizzes found
Score Distribution
Percent of People with Each Score
Percentile by Number Answered
Your Score History
You have not taken this quiz